00257 a2200109 450000100060000008200180000610000190002424500630004325000060010626000260011230000090013863727 a621.38152 GHA aGhandhi, Sorab aVLSI Fabrication Principles : silicon and gallium arsenide a1 aN.YbJohn Wileyc1994 a860p